Guidelines for the promotion of environmental management of coastal aquaculture development
The document is directed to acquaculture development specialists, coastal resource use planners and government officials involves and interested in the planning and management of coastal aquaculture development within the wider context of resource use incoastal areas.
Zapisane w:
| 1. autor: | |
|---|---|
| Format: | Książka |
| Język: | Undetermined |
| Wydane: |
Rome
FAO
1992
|
| Hasła przedmiotowe: | |
| Etykiety: |
Dodaj etykietę
Nie ma etykietki, Dołącz pierwszą etykiete!
|
| Thư viện lưu trữ: | Trung tâm Học liệu Trường Đại học Cần Thơ |
|---|
| LEADER | 00860nam a2200193Ia 4500 | ||
|---|---|---|---|
| 001 | CTU_159963 | ||
| 008 | 210402s9999 xx 000 0 und d | ||
| 082 | |a 639.32 | ||
| 082 | |b B251/N328 | ||
| 100 | |a Barg, U.C. | ||
| 245 | 0 | |a Guidelines for the promotion of environmental management of coastal aquaculture development | |
| 245 | 0 | |c By U.C. Barg | |
| 260 | |a Rome | ||
| 260 | |b FAO | ||
| 260 | |c 1992 | ||
| 520 | |a The document is directed to acquaculture development specialists, coastal resource use planners and government officials involves and interested in the planning and management of coastal aquaculture development within the wider context of resource use incoastal areas. | ||
| 650 | |a Aquaculture,Environmental management,Nuôi trồng thủy sản | ||
| 904 | |i Hồng, Năm | ||
| 980 | |a Trung tâm Học liệu Trường Đại học Cần Thơ | ||